Uplatňovanie systému HACCP v praxi

Enregistré dans:
Détails bibliographiques
Auteur principal: Lacková, Alica
Autres auteurs: Karkalíková, Marta
Format: Chapitre de livre
Langue:slovaque
Tags: Ajouter un tag
Pas de tags, Soyez le premier à ajouter un tag!

MARC

LEADER 00000naa$a2200000$$$4500
001 0135564
005 20240502072523.5
041 0 |a slo 
044 |a SK 
245 1 0 |a Uplatňovanie systému HACCP v praxi  |c Alica Lacková, Marta Karkalíková 
100 1 |a Lacková, Alica 
700 1 |a Karkalíková, Marta